000
00242nam a22000977a 4500
008
240219b |||||||| |||| 00| 0 eng d
082
_a
A COLF Ej.1
100
1
0
_a
Colella, Olga
_e
traductora
_9
43449
245
_a
Formas
_c
Olga Colella
942
_2
ddc
999
_c
30626
_d
17010